Thăm lại chiến trường xưa

Tập sách mỏng sưu tập nhiều tư liệu liên quan đến nhiều địa danh đáng nhớ trong cuộc kháng chiến chống Mỹ cứu mước, cung cấp cho nhà nghiên cứu cũng như độc giả muốn tìm hiểu về cái giá phải trả cho sự toàn thắng trong cuộc chiến tranh...

Full description

Saved in:
Bibliographic Details
Main Author: Lê Phi Long
Format: Book
Language:Undetermined
Published: Tp. HCM Trẻ 1996
Subjects:
Tags: Add Tag
No Tags, Be the first to tag this record!
Institutions: Trung tâm Học liệu Trường Đại học Cần Thơ
LEADER 00919nam a2200181Ia 4500
001 CTU_21425
008 210402s9999 xx 000 0 und d
082 |a 959.7 
082 |b L431 
100 |a Lê Phi Long 
245 0 |a Thăm lại chiến trường xưa 
245 0 |c Lê Phi Long, thiếu tướng 
260 |a Tp. HCM 
260 |b Trẻ 
260 |c 1996 
520 |a Tập sách mỏng sưu tập nhiều tư liệu liên quan đến nhiều địa danh đáng nhớ trong cuộc kháng chiến chống Mỹ cứu mước, cung cấp cho nhà nghiên cứu cũng như độc giả muốn tìm hiểu về cái giá phải trả cho sự toàn thắng trong cuộc chiến tranh vừa qua. 
650 |a vietnam - south vietnam - battle of,vietnamese conflict, 1960 - 1975 
980 |a Trung tâm Học liệu Trường Đại học Cần Thơ